| 000 | 01839cam a22005174i 4500 | ||
|---|---|---|---|
| 001 | a5375844 | ||
| 003 | PE-LiUPU | ||
| 005 | 20250731172829.0 | ||
| 005 | 20130823 | ||
| 008 | 140423e2013 sp a gr 001 0 spa | ||
| 020 | _a9788499456133 | ||
| 035 | _a(Sirsi) i9788499456133 | ||
| 035 | _a(Sirsi) i9788499456133 | ||
| 035 | _a(OCoLC)864290098 | ||
| 040 |
_aPE-LiUPU _bspa _cPE-LiUPU _erda |
||
| 041 | 1 |
_aspa _hfre |
|
| 082 | 0 | 4 |
_a227.4 _bL44 |
| 100 | 1 |
_aLémonon, Jean-Pierre, _d1940-, _eautor. |
|
| 240 | 1 | 0 |
_aPour lire la lettre aux Galates. _lEspañol |
| 245 | 1 | 0 |
_aPara leer la carta a los Gálatas / _cJean-Pierre Lémonon ;Traducido por José Pérez Escobar. |
| 264 | 1 |
_aEstella, Navarra : _bVerbo Divino, _c2013. |
|
| 300 |
_a136 páginas : _bilustraciones ; _c22 centímetros. |
||
| 336 |
_atext _btxt _2rdacontent |
||
| 337 |
_aunmediated _bn _2rdamedia |
||
| 338 |
_avolume _bnc _2rdacarrier |
||
| 490 | 0 |
_aPara leer ; _v94 |
|
| 505 | 0 | _aBreve historia del uso de la carta a los Gálatas: de los Padres de la Reforma. Los padres. La Edad Media. En tiempos de la reforma. | |
| 526 | _aSEG42 | ||
| 526 | _aSEG41 | ||
| 526 | _aSEG40 | ||
| 526 | _aSEG39 | ||
| 526 | _aP94 | ||
| 526 | _aP87 | ||
| 526 | _aP86 | ||
| 526 | _aP85 | ||
| 526 | _aP77 | ||
| 526 | _aP76 | ||
| 526 | _aP35 | ||
| 650 | 0 | 7 |
_aBiblia. _pN.T. _pGálatas _vComentarios. _2embne |
| 700 | 1 |
_aPérez Escobar, José, _etraductor |
|
| 942 |
_2ddc _cBOOK |
||
| 949 |
_a227.4 L44 _i69545 _lCCODEBUL1 _mBUL _tLIBRO _o.STAFF. Colección General |
||
| 596 | _a1 | ||
| 999 |
_a227.4 L44 _wDEWEY _c6062 _i69545 _d6062 _e2017-9-7 _f2021-11-9 _g6 _lCCODEBUL1 _mBUL _n4 _p33.00 _q1 _r0 _sY _tBOOK _u2015-7-6 _xTEOLOGIA _PP35 _0COMPRA _o.STAFF. Colección Teología |
||
| 980 |
_81 _gALBERTO SANCHEZ Responsable de Automatización |
||